PIC Microcontroller And Embedded Systems (Record no. 196944)

MARC details
000 -LEADER
fixed length control field 00447nam a2200157Ia 4500
008 - FIXED-LENGTH DATA ELEMENTS--GENERAL INFORMATION
fixed length control field 230714s9999 xx 000 0 und d
041 ## - LANGUAGE CODE
Language code of text/sound track or separate title eng
082 ## - DEWEY DECIMAL CLASSIFICATION NUMBER
Classification number 004.165
Item number MAZ
100 ## - MAIN ENTRY--PERSONAL NAME
Personal name Mazidi M.A.
245 ## - TITLE STATEMENT
Title PIC Microcontroller And Embedded Systems
Remainder of title Using Assembly And C For PIC18
260 ## - PUBLICATION, DISTRIBUTION, ETC. (IMPRINT)
Date of publication, distribution, etc. 2008
Name of publisher, distributor, etc. Pearson
300 ## - PHYSICAL DESCRIPTION
Extent 782
365 ## - TRADE PRICE
Currency code Rs.
Price amount 499.00
700 ## - ADDED ENTRY--PERSONAL NAME
Personal name Mazidi M.A.
906 ## - LOCAL DATA ELEMENT F, LDF (RLIN)
d O:0007027-Apr-2009B:26825-Apr-2008
c ETC
b 199.6

No items available.